Pinocchio / (Record no. 355029)
[ view plain ]
| 000 -LEADER | |
|---|---|
| fixed length control field | 00466nam a2200193Ia 4500 |
| 003 - CONTROL NUMBER IDENTIFIER | |
| control field | 20180208105216.0 |
| 005 - DATE AND TIME OF LATEST TRANSACTION | |
| control field | 20180208105302.0 |
| 008 - FIXED-LENGTH DATA ELEMENTS--GENERAL INFORMATION | |
| fixed length control field | 180207s9999 xx 000 0 und d |
| 020 ## - INTERNATIONAL STANDARD BOOK NUMBER | |
| International Standard Book Number | 2894295308 |
| 050 ## - LIBRARY OF CONGRESS CALL NUMBER | |
| Item number | W855 1994 |
| 100 ## - MAIN ENTRY--PERSONAL NAME | |
| Personal name | Wolf, Tony. |
| 245 ## - TITLE STATEMENT | |
| Statement of responsibility, etc | Tony Wolf. |
| Title | Pinocchio / |
| 260 ## - PUBLICATION, DISTRIBUTION, ETC. (IMPRINT) | |
| Place of publication, distribution, etc | Canada : |
| 260 ## - PUBLICATION, DISTRIBUTION, ETC. (IMPRINT) | |
| Name of publisher, distributor, etc | Tormont Publications, Inc., |
| 260 ## - PUBLICATION, DISTRIBUTION, ETC. (IMPRINT) | |
| Date of publication, distribution, etc | 1994 |
| 300 ## - PHYSICAL DESCRIPTION | |
| Extent | unpaged : |
| 300 ## - PHYSICAL DESCRIPTION | |
| Other physical details | color illustration ; |
| 942 ## - ADDED ENTRY ELEMENTS (KOHA) | |
| Source of classification or shelving scheme | Dewey Decimal Classification |
| Koha item type | Books |
| Withdrawn status | Lost status | Damaged status | Home library | Current library | Date acquired | Total Checkouts | Full call number | Barcode | Date last seen | Price effective from | Koha item type |
|---|---|---|---|---|---|---|---|---|---|---|---|
| Stonyhurst Southville International School (Malarayat) | Stonyhurst Southville International School (Malarayat) | 02/07/2018 | ER W855 1994 | SSISM4574 | 02/07/2018 | 02/07/2018 | Books |